000 03163nam0a2200505 4500
001 RU\NLR\bibl\578121
005 20260607071857.0
010 _a5-94201-324-1
_91050
021 _aRU
_b2004-28223
_91422
035 _aRSL-KNO-002433950
035 _a(NLR Aleph) 000570141
090 _a1587285
_c1587285
100 _a20040519d2004 |||y0rusy50 ca
101 0 _arus
102 _aRU
105 _ay |||||||||
106 _ar
135 _acrmn mmmanaba
200 1 _aЛичность преступника
_dPersonality of Criminal
_fЮ.М. Антонян, В.Н. Кудрявцев, В.Е. Эминов
_gАссоц. юрид. центр
_zeng
210 _aСПб.
_cЮрид. центр Пресс
_d2004
_eАкад. тип. Наука РАН
215 _a364 с.
_d22
225 1 _aТеория и практика уголовного права и уголовного процесса
300 _aАвт. также на англ. яз.: Yu.M. Antonyan, V.N. Kudreavtsev, V.E. Eminov
325 1 _aКопия доступна в электронной библиотеке РНБ
510 1 _6z11790
_aPersonality of Criminal
_zeng
606 0 _aПреступники
_xКриминологические исследования
_92247541
_3RU\NLR\auth\661348301
606 0 _aПреступники
_xИзучение личности
_92021332
_3RU\NLR\auth\66930276
610 0 _aГосударство и право. Юридические науки -- Криминология -- Российская Федерация -- Изучение личности преступника
610 0 _aПсихология -- Отраслевая (прикладная) психология -- Судебная (юридическая) психология -- Психология правонарушителей (криминалистическая психология) -- Психологический анализ свойств личности правонарушителей и их проявлений при правонарушениях
686 _aХ628.33,0
_2rubbk
686 _aЮ947.1-72,0
_2rubbk
686 _aХ628.33
700 1 _4070
_7ca
_8rus
_aАнтонян
_bЮ. М.
_f1933-
_gЮрий Миранович
_9111166
_3RU\NLR\auth\771134
701 1 _4070
_7ca
_8rus
_aКудрявцев
_bВ. Н.
_cд-р юрид. наук
_f1923-2007
_gВладимир Николаевич
_9113758
_3RU\NLR\auth\773766
701 1 _4070
_7ca
_8rus
_aЭминов
_bВ. Е.
_f1934-
_gВладимир Евгеньевич
_96677
_3RU\NLR\auth\7723624
790 1 _4070
_7ba
_8rus
_aAntonjan
_bJu. M.
_f1933-
_gJurij Miranovič
_96667
_3RU\NLR\auth\7723614
801 0 _aRU
_bRuMoRKP
_c20040519
_gPSBO
801 1 _aRU
_bRuMoRGB
_c20040519
801 2 _aRU
_bNLR
_c20041126
_gPSBO
901 _eКнижные издания
942 _cBOOK
980 _aNB
981 1 3 _a(13) Документы, защищенные авторским правом
_b(13) Современная научная, научно-популярная и популярная л